LEADER 01623nmm1M2200481--I450- 001 990001240200203316 005 20060111141813.0 010 $a88-06-16077-X 035 $a000124020 035 $aUSA01000124020 035 $a(ALEPH)000124020USA01 035 $a000124020 100 $a20031104d2003----||itac01 ba 101 $aita 102 $aIT 200 1 $aEduardo$ela vita e le opere in un volume di Anna Barsotti$ele immagini e la voce dell'artista in una videocassetta di Rai Educational 210 $aTorino$cEinaudi$d[2003] 215 $a1 contenitore$d21 cm 225 0 $aEinaudi tascabili$v1116 300 $aPrima del tit: I grandi autori italiani del '900. 300 $aTit. del contenitore 410 1$12001$aEinaudi tascabili$v1116 463 \1$1001990001240220203316$12001 $aEduardo racconta Eduardo 463 \1$1001990001240240203316$12001 $aEduardo 600 1$aDe Filippo,$bEduardo 676 $a792.092 801 0$aIT$bICCU$c20030930 912 $a990001240200203316 951 $aV B 1119$b168178 L.M.$cV B 959 $aCF 969 $aUMA 979 $aPATRY$b90$c20031104$lUSA01$h1818 979 $aANGELA$b90$c20031105$lUSA01$h1123 979 $aANGELA$b90$c20031105$lUSA01$h1124 979 $aANGELA$b90$c20031105$lUSA01$h1131 979 $aANGELA$b90$c20031106$lUSA01$h1127 979 $aPATRY$b90$c20040406$lUSA01$h1728 979 $aPATRY$b90$c20060111$lUSA01$h1408 979 $aPATRY$b90$c20060111$lUSA01$h1410 979 $aPATRY$b90$c20060111$lUSA01$h1416 979 $aPATRY$b90$c20060111$lUSA01$h1418 996 $aEduardo$9987338 997 $aUNISA LEADER 02191cam0-22004211i-450 001 990005105690403321 005 20210419143316.0 012 $an-i- e.u- a-ue SIri (3) 1618 (R)$2fei$5IT-NA0105: SG 870/B 128 (2) 012 $aree- m.ta i-n- EtSt (3) 1618 (R)$2fei$5IT-NA0105: SG 870/B 128 (3) 035 $a000510569 035 $aFED01000510569 035 $a(Aleph)000510569FED01 035 $a000510569 100 $a19990604d1618----km-y0itay50------ba 101 0 $alat 102 $aFR 140 $aa-------------------bb0----- 200 1 $aPublii Papinii Statii Opera, cum obseruationibus ac cum Commentariis tam veterum quàm recentiorum interpretum. Emericus Cruceus recensuit, & nouo Commentario Statij Syluas illustrauit. Cum indicibus locupletissimis 210 $aParisiis$csumptibus Thomæ Blaise, via Iacobæa, sub signo D. Thomæ$d1618 215 $a3 v.$d4° 306 $aMarca non controllata sul front. 307 $aSegn.: ?²A-4C?4D²4E-4F?4G² (v. 2) 307 $aSegn.: A-O? (v. 3) 307 $a2.: [4], 588, [12] p. ; 3.: 112 p. 327 0 $a2.: Publii Papinii Statii Syluae variorum expositionibus illustratæ. Opus Emer. Crucei cura recognitum, & recentis commentarij accessione auctum. Adiunctus est memorabilium elencus$a3.: Emerici Crucei In Publii Papinii Statii Sylvas commentarius. Accessit Somnium Philoceltæ eiusdem poëmatium. Cum indice copiosissimo 500 10$aOpera$m$942283 676 $a871.01$v22$zita 700 1$aStatius,$bPublius Papinius$f<40-96 ca>$0171438 702 1$aLa Croix,$bEmeric de$f<1590?-1648> 801 0$aIT$bUNINA$gRICA$2UNIMARC 856 4 $zVisualizza la versione elettronica in SBNWeb$uhttps://books.google.it/books?id=xVfLlrEtt2gC&printsec=frontcover&hl=it&source=gbs_ge_summary_r&cad=0#v=onepage&q&f=false$e20210419 856 4 $zVisualizza la versione elettronica in SBNWeb$uhttps://books.google.it/books?id=au2uiw3pb-IC&printsec=frontcover&hl=it&source=gbs_ge_summary_r&cad=0#v=onepage&q&f=false$e20210419 901 $aAQ 912 $a990005105690403321 952 $aSG 870/B 128 (2-3)$bBibl. 22.085$fFLFBC 959 $aFLFBC 996 $aOpera$942283 997 $aUNINA